000 01550nam a2200373 a 4500
001 ebr10671292
003 CaPaEBR
006 m u
007 cr cn|||||||||
008 091013s2010 nyu sb 001 0 eng d
010 _z 2009041002
020 _z9781607415671 (hbk.)
020 _z9781613246108 (e-book)
040 _aCaPaEBR
_cCaPaEBR
035 _a(OCoLC)742350397
043 _an-us---
050 1 4 _aHG181
_b.F643453 2010eb
082 0 4 _a332.10973
_222
245 0 0 _aFinancial regulatory reform
_h[electronic resource] /
_cStephen E. Moyer, editor.
260 _aNew York :
_bNova Science Publishers,
_cc2010.
300 _axi, 168 p.
490 1 _aGlobal recession - causes, impacts and remedies
504 _aIncludes bibliographical references and index.
533 _aElectronic reproduction.
_bPalo Alto, Calif. :
_cebrary,
_d2013.
_nAvailable via World Wide Web.
_nAccess may be limited to ebrary affiliated libraries.
650 0 _aFinance
_xGovernment policy
_zUnited States.
650 0 _aFinancial services industry
_xGovernment policy
_zUnited States.
650 0 _aBanks and banking
_xState supervision
_zUnited States.
650 0 _aFinancial services industry
_xLaw and legislation
_zUnited States.
655 7 _aElectronic books.
_2local
700 1 _aMoyer, Stephen E.
710 2 _aebrary, Inc.
830 0 _aGlobal recession--causes, impacts and remedies series.
856 4 0 _uhttp://site.ebrary.com/lib/rucke/Doc?id=10671292
_zAn electronic book accessible through the World Wide Web; click to view
999 _c62407
_d62407